| 000 | 00509nam a2200205Ia 4500 | ||
|---|---|---|---|
| 003 | OSt | ||
| 005 | 20231123144511.0 | ||
| 008 | 210210b1985 xxu||||| |||| 00| 0 eng d | ||
| 040 | _cAL | ||
| 041 | _aEnglish | ||
| 082 | _a653 PITM | ||
| 100 |
_a- _9143155 |
||
| 245 | _aPITMAN'S SHORTHAND writing exercises & examination tests. | ||
| 260 |
_aDelhi _bA H Wheeler & Co Pvt Ltd _c1985 |
||
| 300 | _a219 | ||
| 650 |
_aShorthand _9143156 |
||
| 690 |
_aShorthand _9143156 |
||
| 906 | _a037607 | ||
| 942 |
_2ddc _cBK |
||
| 999 |
_c87847 _d87847 |
||